000 01212nam a2200301 i 4500
003 EG-GICUC
005 20260428124400.0
008 260428s1939 -usad |fr|||| 001 0 eng d
040 _aEG-GiCUC
_beng
_cEG-GiCUC
_dEG-GiCUC
_erda
041 0 _aeng
082 0 4 _221
_a343.622073
_bHO . A
092 0 4 _221
099 _aLaw1 10 343.622073 HO . A 1939
100 1 _aHooton, Earnest Albert
_eAuthor.
245 1 4 _aThe American Criminal :
_bAn Anthropological Study.
_nVolume I,
_pThe Native White Criminal Of Native Parentage /
_cBy Earnest Albert Hooton; With The Collaboration Of The Statistical Laboratory Of The Division Of Anthropology Harvard University.
264 1 _aCambridge :
_bHarvard University Press,
_c1939.
300 _avarious pagings
_c28 cm
336 _2rda content
_atext
337 _2rda media
_aComputer
338 _2rda carrier
_aOnline Resource
504 _aIncludes bibliographical references and index.
546 _aText in English
650 1 4 _aCriminal law
710 2 _a The Statistical Laboratory Of The Division Of Anthropology Harvard University
856 4 0 _uhttps://fll.law.cu.edu.eg/fulltext/bks/B10-10914.pdf
905 _a48
942 _2ddc
_cBK
_e21
_n0
999 _c73900
_d73900